000 00341nam a2200133Ia 4500
008 100328s9999 xx 000 0 und d
082 _b53661
100 _aदेसाई रणजित
245 _aबारी
260 _bदेशमुख आणि कं.
630 _aबारी
730 _aबारी
942 _cBOOK
999 _c540402
_d540399